• 首页
  • 本馆介绍
  • 公告通知
  • 最新文献
  • 馆藏检索
  • 电子资源
  • 读者导购
  • 参考咨询
  • 我的图书馆
  • 登录
  • 详细信息显示
  • 放入我的书架
  • 预约/预借图书
  • 作者相关作品
  • 分类相关作品
  • 丛书相关作品
  • 出版社相关作品

书目信息

  • 表格格式
  • 工作单格式
  • 卡片格式
题名:
朗文·外研社新概念英语
    
 
作者: 亚历山大 , 何其莘 编著
分册: 3  
出版信息: 北京   外语教学与研究出版社  1997
页数: 273页
开本: 26cm
丛书名:
单 册:
中图分类: H31
科图分类:
主题词: 英语
电子资源:
ISBN: 7-5600-1348-1
000 00665nam0 2200217 45
001 0110310895
005 20070618180313.93
010    @a7-5600-1348-1@dCNY18.90
100    @a20011031d1997 km y0chiy0120 ea
101 0  @aeng
200 1  @a朗文·外研社新概念英语@ALang Wen·Wai Yan She Xin Gai Nian Ying Yu@h3@f(英)亚历山大,何其莘编著@F(Ying)Ya Li Shan Da,He Qi Shen Bian Zhu
205    @a新版
210    @a北京@c外语教学与研究出版社@a香港@c朗文亚洲出版有限公司@d1997
215    @a273页@d26cm
500 10 @a新概念英语
606 0  @a英语
690    @aH31@v4
701    @a亚历山大@4编著
701  0 @a何其莘@4编著
801    @aCN@bTSTC@c20070618
905    @dH31@e264:3=2
    
    朗文·外研社新概念英语.3/(英)亚历山大,何其莘编著.-新版.-北京:外语教学与研究出版社;香港:朗文亚洲出版有限公司,1997
    273页;26cm
    
    
    ISBN 7-5600-1348-1:CNY18.90
    
●
相关链接 在E读中查询图书 在五车中查询图书 在当当中查询图书 在豆瓣中查询图书


正题名:朗文·外研社新概念英语     索取号:H31/264:3=2         预约/预借

序号 登录号 条形码 馆藏地/架位号 状态 备注
1 0300317   203003178   第四借阅区/ [索取号:H31/264:3=2] 在馆    
2 0300318   203003187   第四借阅区/ [索取号:H31/264:3=2] 在馆    
3 0300319   203003196   第四借阅区/ [索取号:H31/264:3=2] 在馆    
4 0300320   203003203   第四借阅区/ [索取号:H31/264:3=2] 在馆    
5 0300321   203003212   第四借阅区/ [索取号:H31/264:3=2] 在馆    
6 0300322   203003221   第四借阅区/ [索取号:H31/264:3=2] 在馆    
7 0300324   203003249   第四借阅区/ [索取号:H31/264:3=2] 在馆    
8 0300325   203003258   第四借阅区/ [索取号:H31/264:3=2] 在馆    
9 0300326   203003267   第二样本阅览室/ [索取号:H31/264:3=2] 在馆    
10 0387768   203877689   第四借阅区/ [索取号:H31/264:3=2] 在馆    
11 0387769   203877698   第四借阅区/ [索取号:H31/264:3=2] 在馆    
12 0387770   203877705   第四借阅区/ [索取号:H31/264:3=2] 在馆    
13 0387771   203877714   第四借阅区/ [索取号:H31/264:3=2] 在馆    
14 0387772   203877723   第四借阅区/ [索取号:H31/264:3=2] 在馆    
15 0387773   203877732   第四借阅区/ [索取号:H31/264:3=2] 在馆    
16 0387774   203877741   第四借阅区/ [索取号:H31/264:3=2] 在馆    
17 0387775   203877750   第四借阅区/ [索取号:H31/264:3=2] 在馆    
18 0651985   206519855   第四借阅区/ [索取号:H31/264:3=2] 在馆    
19 0655374   206553745   第四借阅区/ [索取号:H31/264:3=2] 在馆    
唐山师范学院图书馆 欢迎您!
大连网信软件有限公司© 版权所有